Ապտիւլ Համիտ Բ.՝ Կարմիր սուլթանը : (Record no. 138145)
[ view plain ]
| 000 -LEADER | |
|---|---|
| fixed length control field | 00784nam a2200205 a 4500 |
| 001 - CONTROL NUMBER | |
| control field | 000360946 |
| 003 - CONTROL NUMBER IDENTIFIER | |
| control field | AM-YeHGA |
| 005 - DATE AND TIME OF LATEST TRANSACTION | |
| control field | 20250618072236.0 |
| 008 - FIXED-LENGTH DATA ELEMENTS--GENERAL INFORMATION | |
| fixed length control field | 040914s1980 ai 000 | arm d |
| 040 ## - CATALOGING SOURCE | |
| Original cataloging agency | AM-YeHGA |
| 041 0# - LANGUAGE CODE | |
| Language code of text/sound track or separate title | arm |
| 090 ## - LOCALLY ASSIGNED LC-TYPE CALL NUMBER (OCLC); LOCAL CALL NUMBER (RLIN) | |
| -- | 139520 |
| 100 1# - MAIN ENTRY--PERSONAL NAME | |
| Personal name | Եազըճեան, Գուրգէն |
| 245 10 - TITLE STATEMENT | |
| Title | Ապտիւլ Համիտ Բ.՝ Կարմիր սուլթանը : |
| Remainder of title | Յարակից Օսմանեան պատմութիւն եւ հաստատութիւններ / |
| Statement of responsibility, etc. | Գ. Եազըճեան. |
| 260 ## - PUBLICATION, DISTRIBUTION, ETC. | |
| Place of publication, distribution, etc. | Պէյրութ : |
| Name of publisher, distributor, etc. | տպ. Սեւան, |
| Date of publication, distribution, etc. | 1980. |
| 300 ## - PHYSICAL DESCRIPTION | |
| Extent | 872 էջ |
| Other physical details | 40 չհ. էջ լուսանկ. ; |
| Dimensions | 23 սմ. |
| 504 ## - BIBLIOGRAPHY, ETC. NOTE | |
| Bibliography, etc. note | Մատենագիտ. տողատ. ծանոթ. |
| 600 04 - SUBJECT ADDED ENTRY--PERSONAL NAME | |
| Personal name | Ապտիւլ Համիտ Բ. |
| 650 14 - SUBJECT ADDED ENTRY--TOPICAL TERM | |
| Topical term or geographic name entry element | Պատմություն |
| Geographic subdivision | Թուրքիա |
| 9 (RLIN) | 1012 |
| Withdrawn status | Lost status | Source of classification or shelving scheme | Damaged status | Not for loan | Home library | Current library | Date acquired | Total checkouts | Full call number | Barcode | Date last seen | Price effective from | Koha item type | Public note |
|---|---|---|---|---|---|---|---|---|---|---|---|---|---|---|
| Universal Decimal Classification | Fundamental Scientific Library | Fundamental Scientific Library | 22/12/2016 | AII/89325 | FL0687574 | 22/12/2016 | 22/12/2016 | Գրքեր / Books | 30 Days Loan |
ՀՀ Գիտությունների ազգային ակադեմիայի հիմնարար գիտական գրադարան = Fundamental Scientific Library of NAS RA
All site content, except where otherwise noted, is licensed under a